Fragments de sociologie chrétienne

Saved in:
Bibliografiske detaljer
Hovedforfatter: Athayde, Tristán de (Author)
Format: Bog
Sprog:fransk
Udgivet: París Desclée de Brouwer 1934
Serier:Questions Disputees
Fag:
Tags: Tilføj Tag
Ingen Tags, Vær først til at tagge denne postø!

MARC

LEADER 00000nam a2200000 a 4500
001 UCU1378
003 CL-VaPUC
008 960404e19340000FR |||||||||||||||||fre|d
082 0 4 |a 261  |b ATH  |2 21 
100 0 |a Athayde, Tristán de  |e author  |9 357027 
245 1 0 |a Fragments de sociologie chrétienne 
300 |a 169 p 
942 |c BK 
945 |d 19960404 00:00:00  |a rleighto 
260 |a París  |b Desclée de Brouwer  |c 1934 
650 0 |a Sociología cristiana  |9 257898 
650 0 |a Filosofía social  |9 268191 
650 0 |a Sociedad  |9 307903 
650 0 |a Iglesia   |9 255004 
650 0 |a Estado  |9 255503 
650 0 |a Capitalismo  |9 255255 
650 0 |a Comunismo  |9 255588 
650 0 |a Credo  |9 334084 
583 |a last modification  |c 19960404 00:00:00  |k Rodrigo Vera 
490 0 |a Questions Disputees 
999 |c 246024  |d 246022 
952 |0 0  |1 0  |4 0  |6 261_000000000000000_ATH_1934  |7 0  |8 P  |9 260735  |a BIBEDU  |b BIBEDU  |c BIBEDU_PB  |d 2019-11-19  |i 3187004  |o 261 ATH 1934  |p 3187004  |r 2024-01-25  |w 2019-11-19  |y BK  |k FIL